000 00280nam a22001337a 4500
008 170315b xxu||||| |||| 00| 0 eng d
020 _a0321869257
041 _aeng
080 _a591
100 _a7
101 _aSHM
245 _aANATOMY & PHYSIOLOGY
_cHEBERT
942 _2udc
_cBK
999 _c7853
_d7853